01381 2200301 4500001002100000005001500021035002000036007000300056008004100059020002200100082001000122084001600132100002900148245008900177250001700266300002500283650002400308650002800332650002700360700002900387700003100416520050500447264004400952336002100996337003001017338002301047990000901070INLIS00000000000288120250929070657 a0010-0925000113ta250929 g 0 ind  a978-602-6847-53-9 a371.3 a371.3 PIP p0 aPipit GantiniePengarang1 aPenilaian Hasil Belajar /cPipit Gantini, Dodo Suhendar ; penyunting, Hanissa Emiria aCetakan 2017 a116 halaman ;c23 cm 4aEvaluasi pendidikan 4aPenilaian hasil belajar 4aTeknik penyusunan soal0 aDodo SuhendarePengarang0 aHanissa EmiriaePenyunting aBuku ini disusun untuk memperluas wawasan dan keterampilan guru serta mahasiswa calon guru dalam menyusun perangkat penilaian hasil belajar yang efektif sesuai dengan Kurikulum 2013. Isinya mencakup sistematika penilaian, tindak lanjut hasil penilaian, penyusunan kisi-kisi, dan teknik menyusun berbagai bentuk soal. Buku ini juga memberikan panduan dalam membuat silabus dan RPP, menjadikannya sumber penting bagi pelaksana pendidikan yang ingin meningkatkan kualitas pembelajaran berbasis evaluasi. aJakarta :bEsensi Erlangga Group,c2017 2rdacontentateks 2rdamediaatanpa perantara 2rdacarrieravolume a7340